000 00299nam a22001217a 4500
008 160526b xxu||||| |||| 00| 0 eng d
020 _a9780397548439
020 _a0397548435
041 _aeng
080 _a615
245 _aIntroductory clinical pharmacology:
_cJeanne C. Scherer;
942 _2udc
_cBK
999 _c2434
_d2434